000 00277nam a22001217a 4500
008 181011b xxu||||| |||| 00| 0 eng d
041 _aeng
080 _a338
100 _a53
101 _aMNG
245 _aEssentials of Contemporary Management
_cJones, G.R
942 _2udc
_cBK
999 _c49461
_d49461